000 00339nam a22001337a 4500
999 _c13897
_d13897
020 _a9781337614085
082 _a004.37
100 _aDaniel C. Alexander ; Geralyn M. Koeberlein
245 _aElementary Geometry for College Students
250 _a7th edition
260 _aAustralia
_bCengage
_c2020
300 _a601 pages
942 _cBK